00570nam a2200145Ia 4500008004100000024005200041082001900093100006600112245003500178260002500213600002700238650003300265952010900298999001700407250506s9999 xx 000 0 und d a00A-01-EE, 00A-03-EE, 00A-26-EE & 98A-17-EE a621.313072 MAL aMalik Hassan Ali, Umer Ghazali, Wahaj Mehdi & Atif Bin Shahid 0aAuto Generator Starting System aKarachi:bUIT,c2000 aElectronic Engineering aBachelor of Engineering (BE) 001040708PR-EEaUITUbUITUd2022-07-26l0o621.313072 MALpEE-35r2025-05-06 11:34:16w2025-05-06yPR c28098d28098